00614 a2200181 4500003000400000005001700004008004100021020001500062040000900077082001800086100004100104245005200145260003900197300000900236942004200245952012800287999001700415OSt20231218131817.0231218b |||||||| |||| 00| 0 eng d a8170553865 coclc a891.43bDIV/S aDivedi, Acharya Mahavirprasad910163 aSAHITYA VICHAR /cAcharya Mahavir Prasad Divedi aNew Delhi:bVani Prakashan,c2005. a175p 2ddccBKh891.43iDIV/Sk891.43mDIV/S 00102ddc40708LITaMESbMEScHINd2023-12-18l0o891.43 DIV/Sp43098r2023-12-18 13:19:01v175.00w2023-12-18yBKzGR6R3 c43464d43464